• 首页
  • 本馆介绍
  • 公告通知
  • 最新文献
  • 馆藏检索
  • 电子资源
  • 读者导购
  • 参考咨询
  • 我的图书馆
  • 登录
  • 详细信息显示
  • 放入我的书架
  • 预约/预借图书
  • 作者相关作品
  • 分类相关作品
  • 丛书相关作品
  • 出版社相关作品

书目信息

  • 表格格式
  • 工作单格式
  • 卡片格式
题名:
多媒体制作教程
    
 
作者: 晁爱农 主编
分册:  
出版信息: 长沙   国防科技大学出版社  [2009.03]
页数: 235页
开本: 26cm
丛书名: 21世纪高职高专规划教材
单 册:
中图分类: TP37
科图分类:
主题词: 多媒体技术--duo mei ti ji shu--高等职业教育--教材
电子资源:
ISBN: 978-7-81099-584-9
000 01074nam 2200253 450
001 2375795479
005 20231124210326.63
010    @a978-7-81099-584-9@dCNY39.00
100    @a20230707d2009 em y0chiy50 ea
101 0  @achi
102    @aCN@b430000
105    @aa a 000yy
200 1  @a多媒体制作教程@Aduo mei ti zhi zuo jiao cheng@f主编晁爱农
210    @a长沙@c国防科技大学出版社@d[2009.03]
215    @a235页@c图@d26cm
225 2  @a21世纪高职高专规划教材@A21 shi ji gao zhi gao zhuan gui hua jiao cai@i计算机系列·计算机应用技术类
320    @a有书目
330    @a本书较系统、全面地介绍了多媒体的概念, 多媒体技术的发展历程、应用领域以及相关技术等内容。具体包括: 媒体与多媒体技术、多媒体技术的基本特征、多媒体元素及特征、多媒体技术的发展、多媒体技术的现状与发展方向、多媒体计算机硬件系统简介等。
410  0 @12001 @a21世纪高职高专规划教材@i计算机系列·计算机应用技术类
606 0  @a多媒体技术@Aduo mei ti ji shu@x高等职业教育@j教材
690    @aTP37@v5
701  0 @a晁爱农@Achao ai nong@4主编
801  0 @aCN@b人天书店@c20230707
905    @aBZT@dTP37@e10
    
    多媒体制作教程/主编晁爱农.-长沙:国防科技大学出版社,[2009.03]
    235页:图;26cm.-(21世纪高职高专规划教材.计算机系列·计算机应用技术类)
    
    
    ISBN 978-7-81099-584-9:CNY39.00
    本书较系统、全面地介绍了多媒体的概念, 多媒体技术的发展历程、应用领域以及相关技术等内容。具体包括: 媒体与多媒体技术、多媒体技术的基本特征、多媒体元素及特征、多媒体技术的发展、多媒体技术的现状与发展方向、多媒体计算机硬件系统简介等。
●
相关链接 在五车中查询图书 在当当中查询图书 在豆瓣中查询图书


正题名:多媒体制作教程     索取号:TP37/10         预约/预借

序号 登录号 条形码 馆藏地/架位号 状态 备注
1 2001106299   2001106299   515书库/ [索取号:TP37/10] 在馆    
2 2001106300   2001106300   515书库/ [索取号:TP37/10] 在馆    
3 2001106301   2001106301   515书库/ [索取号:TP37/10] 在馆    
4 2001106302   2001106302   共建书房-机电学院/ [索取号:TP37/10] 在馆    
5 2001106303   2001106303   515书库/ [索取号:TP37/10] 在馆    
6 2001106304   2001106304   515书库/ [索取号:TP37/10] 在馆    
7 2001106305   2001106305   515书库/ [索取号:TP37/10] 在馆    
8 2001106306   2001106306   515书库/ [索取号:TP37/10] 在馆    
9 2001106307   2001106307   515书库/ [索取号:TP37/10] 在馆    
10 2001106308   2001106308   515书库/ [索取号:TP37/10] 在馆    
11 2001106309   2001106309   515书库/ [索取号:TP37/10] 在馆    
12 2001106310   2001106310   515书库/ [索取号:TP37/10] 在馆    
13 2001106311   2001106311   515书库/ [索取号:TP37/10] 在馆    
14 2001106312   2001106312   515书库/ [索取号:TP37/10] 在馆    
15 2001106313   2001106313   515书库/ [索取号:TP37/10] 在馆    
16 2001106314   2001106314   515书库/ [索取号:TP37/10] 在馆    
17 2001106315   2001106315   515书库/ [索取号:TP37/10] 在馆    
18 2001106316   2001106316   515书库/ [索取号:TP37/10] 在馆    
19 2001106317   2001106317   515书库/ [索取号:TP37/10] 在馆    
20 2001106318   2001106318   515书库/ [索取号:TP37/10] 在馆    
21 2001106319   2001106319   515书库/ [索取号:TP37/10] 在馆    
22 2001106320   2001106320   515书库/ [索取号:TP37/10] 在馆    
23 2001106321   2001106321   515书库/ [索取号:TP37/10] 在馆    
24 2001106322   2001106322   515书库/ [索取号:TP37/10] 在馆    
25 2001106323   2001106323   515书库/ [索取号:TP37/10] 在馆    
26 2001106324   2001106324   共建书房-机电学院/ [索取号:TP37/10] 在馆    
27 2001106325   2001106325   共建书房-机电学院/ [索取号:TP37/10] 在馆    
28 2001106326   2001106326   共建书房-机电学院/ [索取号:TP37/10] 在馆    
29 2001106327   2001106327   共建书房-机电学院/ [索取号:TP37/10] 在馆    
30 2001106328   2001106328   515书库/ [索取号:TP37/10] 在馆    
山东省滨州职业学院图书馆 欢迎您!
大连网信软件有限公司© 版权所有